000 00876nam a2200265Ia 4500
003 OSt
005 20220918170435.0
006 a|||||r|||| 00| 0
007 ta
008 220917b |||||||| |||| 00| 0 eng d
020 _a9780230214194 (pbk)
_cEURO 44.99
024 _a325,854
037 _b13521, 19/03/2018, Elite Publishers Distributors
_cTextual
040 _aARTS
_cARTS
_beng
041 _2eng
_aeng
082 _aY15:(W), Q7
100 _aKantola Johanna Au.
_929046
245 0 _aGender and political analysis
260 _aLondon
_bPalgrave UK
_c2017
300 _axiii,242p.
_ccm.
650 _aGENDER ROLE; POLITICAL SCIENCE
_929047
700 _a Lombardo Emanuela Au.
_929048
942 _hY15:(W), Q7
_cTEXL
_2CC
999 _c134139
_d134139